000 00547nam a2200205Ia 4500
003 GCL
008 140319s9999 xx 000 0 eng d
040 _aGCL /
_cGCL
082 0 4 _a338.956
_bR P
100 1 _aRICHARDS, ALAN
245 1 0 _aA POLITICAL ECONOMY OF THE MIDDLE EAST /
_cRICHARDS, ALAN
700 1 _aWATERBURY, JOHN
260 _a[S.N] :
_bWESTVIEW PRESS ،
_c1990
300 _a495 P
650 0 4 _aECONOMIC CONDITIONS
650 0 4 _aECONOMIC POLICY
650 0 4 _aMIDDLE EAST
650 0 4 _aPOLICY - GOVERNMENT
942 _2ddc
_cBK
999 _c25016
_d25016